00274 a2200121 4500001000700000020000600007040001100013100002500024240004400049245003900093362000900132440001100141169150 a  cMagnum aNovaes, Maria Eliana10aProfessora primaria: mestra ou tialpor10aProfessora primaria: mestra ou tia0 a1899 1aCortez